The astronomical companion /

Bibliographic Details
Main Author: Ottewell, Guy
Format: Book
Language:English
Published: Greenville, S.C. : G. Ottewell, 1981
Edition:1st ed, rev. and corr.
Subjects:

MARC

Tag First Indicator Second Indicator Subfields
LEADER 00000cam a2200000 a 4500
001 in00000085996
005 20151008064410.0
008 810909c19811979scua b 00010 eng d
020 |z 093456010 :  |c $12.00 
020 |a 0934546010 
035 |a (OCoLC)07746690 
035 |9 AAK4105AM 
040 |a IGA  |c IGA  |d TXA  |d UtOrBLW 
049 |a TXAM  |c [387870] 
090 |a QB63  |b .O86 1981 
092 |a 523  |b O89A, 1981 
100 1 |a Ottewell, Guy. 
245 1 4 |a The astronomical companion /  |c by Guy Ottewell. 
250 |a 1st ed, rev. and corr. 
264 1 |a Greenville, S.C. :  |b G. Ottewell,  |c 1981 
264 4 |c ©1979 
300 |a 73 pages :  |b illustrations ;  |c 39 cm. 
336 |a text  |b txt  |2 rdacontent 
337 |a unmediated  |b n  |2 rdamedia 
338 |a volume  |b nc  |2 rdacarrier 
504 |a Bibliography: page 73. 
650 0 |a Astronomy  |v Observers' manuals. 
650 0 |a Astronomy  |v Charts, diagrams, etc. 
999 |a MARS 
999 f f |s c4d4f669-15c4-3c9a-936d-873167aa69e6  |i 20fa320b-abb4-361e-a578-5c21047dbb59  |t 0 
952 f f |p ric  |a Texas A&M University  |b Rellis Campus  |c Joint Library Facility  |d Remote Storage  |t 0  |e QB63 .O86 1981  |f Oversize  |h Library of Congress classification  |i unmediated -- volume  |m A14810769807 
998 f f |a QB63 .O86 1981  |t 0  |l Remote Storage